Coldplay Top 10 Singles - Statistics

General Stats
  • This quiz has been taken 105 times
  • The average score is 12 of 19
Answer Stats
Year UK US Song % Correct
2008 1 1 Viva La Vida
95%
2000 4 48 Yellow
91%
2003 9 29 Clocks
80%
2005 4 59 Fix You
79%
2011 1 15 Paradise
78%
2002 10 The Scientist
74%
2014 9 10 A Sky Full of Stars
72%
2021* 3 1 My Universe
61%
2016 6 25 Hymn for the Weekend
59%
2017* 2 3 Something Just Like This
56%
2015 7 13 Adventure of a Lifetime
52%
2005 2 8 Speed of Sound
51%
2000 10 Trouble
51%
2011 6 14 Every Teardrop is a Waterfall
46%
2012* 4 20 Princess of China
46%
2002 2 In My Place
44%
2005 10 86 Talk
43%
2008 8 40 Violet Hill
41%
2014 10 14 Magic
40%
No matching quizzes found
Score Distribution
Percent of People with Each Score
Percentile by Number Answered
Your Score History
You have not taken this quiz